00550nam a22001817a 450000500170000001000150001702000260003203500140005803700090007208200130008124500800009426000460017427000580022030000210027870000280029970000210032770000200034820260428121919.0 aENG-147120 a9788196078096c150.00 aEN-130652 bDBAD a551.621 aClimate Change & Biodiversity/cEdited by Silvy Mathew; Jisha K and Rekha K aKeralabVimala College Publicationsc2023 aVimala College (Autonomous), ThrissurbKeralae680009 a310 p.c25cm(pb) aMathew, Silvy eEditor  aK, JishaeEditor aRekha KeEditor